| 000 | 01482cam a22001934a 4500 | ||
|---|---|---|---|
| 005 | 20250605164341.0 | ||
| 008 | 250528s ||||||||||||||||||||||||d | ||
| 035 | _a23598 | ||
| 040 |
_aGR-AtMCL _bgre _dGR-AtMCL _eAACR2 |
||
| 245 | 1 | _aΔιαχείρηση Προσωπικού σε Περίοδο Κρίσης | |
| 260 | _c2013 | ||
| 300 | _a36 | ||
| 520 | _aΕισαγωγή, η Οικονομική Κρίση Σήμερα, Συνοπτική Ανάλυση της Οικονομικής Κρίσης, Αναδρομή στις Πρόσφατες Κρίσεις, τι Διαφοροποιεί τη Σημερινή Κρίση, Αιτία, Επιπτώσεις, Ηγεσία, Ορισμός, Βασικά Ηγετικά Στυλ, Μάνατζμεντ και Ηγεσία, Ικανότητες - Δεξιότητες του Ηγέτη, Στρατηγικές Διάσωσης, Διοίκηση Ανθρωπίνων Πόρων (Δ.Α.Π), Ορισμός, ο Ρόλος της ΔΑΠ, Στόχοι, η Δ.Α.Π Σήμερα, ο Μετασχηματισμός του HR, ΔΑΠ και Οικονομική Κρίση, Τάσεις - Κλειδιά σε Περίοδο Κρίσης, Δέσμευση Εργαζομένων σε Περίοδο Κρίσης, Συμπεράσματα, Βιβλιογραφία. | ||
| 700 | 1 |
_aΚοτσολάκη Αγγελική _99184 |
|
| 700 | 1 |
_aΣκουτέρης Θεόδωρος _99186 |
|
| 942 | _cDS | ||
| 999 |
_c8598 _d8598 |
||